Normal view
MARC view
- Dur e Sabi (364277)
Entry Personal Name
001 - CONTROL NUMBER
- control field: 126314
003 - CONTROL NUMBER IDENTIFIER
- control field: NUST
005 - DATE AND TIME OF LATEST TRANSACTION
- control field: 20241008122016.0
008 - FIXED-LENGTH DATA ELEMENTS
- fixed length control field: 241008|| aca||aabn | a|a d
040 ## - CATALOGING SOURCE
- Original cataloging agency: NUST
- Transcribing agency: NUST
100 ## - HEADING--PERSONAL NAME
- Personal name: Dur e Sabi (364277)
670 ## - SOURCE DATA FOUND
- Source citation: Work cat.: (NUST): Dur e Sabi (364277), Integration of Fuel Cell with Renewable Energy Resources in a Microgrid Setup for an Off-Grid Community/
